Estatísticas para Quiz de Tonga

Clique aqui para jogar o quiz

Estatísticas Gerais

  • Esse quiz foi jogado 406 vezes
  • A pontuação média é 8 de 16

Estatísticas das Respostas

DicaResposta% Correto
Línguas oficiaisInglês
91%
Forma de governo de Tonga{Monarquia} constitucional
78%
Sub-região da Oceania em que Tonga se encontra{Poli}nésia
78%
Países mais próximos de TongaFiji
75%
Países mais próximos de TongaSamoa
75%
País que controlava as relações exteriores de Tonga, mas nunca teve controle
legal da soberania da região, 1900-1970
Reino Unido
70%
Objeto que aparece na bandeira de TongaCruz
67%
CapitalNukuʻalofa
61%
Esporte nacionalRugby
53%
Línguas oficiaisTonganês
46%
Explorador neerlandês que se tornou o primeiro europeu a visitar a
ilha principal de Tonga em 1643
Abel Tasman
29%
Moeda oficialPa'anga
27%
Monarca atual{Tupou} VI
27%
Ilha principal de TongaTonga{tapu}
21%
Religião oficialMetodismo
19%
Apelido de Tonga, dado pelo capitão James CookAs Ilhas {Amigáveis}
18%

Distribuição das Pontuações

Percentil de Números Respondidos

Porcentagem de Pessoas com Cada Pontuação

Sua Pontuação Histórica

Você não jogou esse quiz